[Event "DEM U12w 2024"]
[Site "Willingen GER"]
[Date "2024.05.24"]
[Round "8"]
[White "Chen, Yueyi"]
[Black "Fruth, Julia"]
[Result "1-0"]
[Termination "normal"]
[Board "5"]
[WhiteElo "1795"]
[BlackElo "1641"]
[WhiteClock "00:23:09"]
[BlackClock "00:00:32"]
[PlyCount "67"]
[WhiteFideId "34653902"]
[BlackFideId "34603050"]
[EventCountry "GER"]
[EventRounds "9"]
[EventType "swiss"]
[EventDate "2024.05.18"]

1. e4 {[%clk 01:30:58]} c5 {[%clk 01:30:54]} {[%emt 00:00:07]} 2. Nf3 {[%clk
01:31:23]} {[%emt 00:00:05]} d6 {[%clk 01:31:09]} {[%emt 00:00:15]} 3. d4
{[%clk 01:31:45]} {[%emt 00:00:07]} cxd4 {[%clk 01:31:28]} {[%emt 00:00:11]} 4.
Nxd4 {[%clk 01:32:08]} {[%emt 00:00:08]} Nf6 {[%clk 01:31:38]} {[%emt
00:00:19]} 5. Nc3 {[%clk 01:32:29]} {[%emt 00:00:09]} a6 {[%clk 01:32:01]}
{[%emt 00:00:08]} 6. Be3 {[%clk 01:32:49]} {[%emt 00:00:10]} e5 {[%clk
01:32:25]} {[%emt 00:00:05]} 7. Nb3 {[%clk 01:33:09]} {[%emt 00:00:10]} Be6
{[%clk 01:32:42]} {[%emt 00:00:13]} 8. Qd2 {[%clk 01:33:24]} {[%emt 00:00:16]}
Be7 {[%clk 01:32:57]} {[%emt 00:00:15]} 9. f3 {[%clk 01:33:41]} {[%emt
00:00:13]} O-O {[%clk 01:33:09]} {[%emt 00:00:17]} 10. O-O-O {[%clk 01:34:00]}
{[%emt 00:00:11]} Nbd7 {[%clk 01:33:26]} {[%emt 00:00:14]} 11. g4 {[%clk
01:34:21]} {[%emt 00:00:09]} Nb6 {[%clk 01:33:43]} {[%emt 00:00:13]} 12. h4
{[%clk 01:34:34]} {[%emt 00:00:17]} Rc8 {[%clk 01:30:04]} {[%emt 00:04:09]} 13.
Kb1 {[%clk 01:34:45]} {[%emt 00:00:17]} Nc4 {[%clk 01:23:42]} {[%emt 00:06:53]}
14. Bxc4 {[%clk 01:35:05]} {[%emt 00:00:10]} Rxc4 {[%clk 01:22:28]} {[%emt
00:01:44]} 15. h5 {[%clk 01:33:29]} {[%emt 00:02:06]} Qc7 {[%clk 01:06:35]}
{[%emt 00:16:23]} 16. g5 {[%clk 01:27:10]} {[%emt 00:06:48]} Nd7 {[%clk
01:06:43]} {[%emt 00:00:22]} 17. g6 {[%clk 01:22:05]} {[%emt 00:05:35]} Rc8
{[%clk 00:57:27]} {[%emt 00:09:44]} 18. Qh2 {[%clk 01:18:44]} {[%emt 00:03:53]}
Nf6 {[%clk 00:48:07]} {[%emt 00:09:50]} 19. Rdg1 {[%clk 01:08:59]} {[%emt
00:10:15]} b5 {[%clk 00:39:50]} {[%emt 00:08:48]} 20. h6 {[%clk 00:54:38]}
{[%emt 00:14:51]} fxg6 {[%clk 00:37:03]} {[%emt 00:03:17]} 21. hxg7 {[%clk
00:54:46]} {[%emt 00:00:23]} Kxg7 {[%clk 00:34:59]} {[%emt 00:02:33]} 22. Bg5
{[%clk 00:51:24]} {[%emt 00:03:53]} Bg8 {[%clk 00:30:54]} {[%emt 00:04:34]} 23.
Bxf6+ {[%clk 00:43:52]} {[%emt 00:08:03]} Bxf6 {[%clk 00:29:48]} {[%emt
00:01:36]} 24. Nd5 {[%clk 00:43:35]} {[%emt 00:00:48]} Qd8 {[%clk 00:20:08]}
{[%emt 00:10:09]} 25. Rg2 {[%clk 00:41:55]} {[%emt 00:02:10]} Rb8 {[%clk
00:13:37]} {[%emt 00:07:00]} 26. Qh6+ {[%clk 00:40:18]} {[%emt 00:02:08]} Kf7
{[%clk 00:13:30]} {[%emt 00:00:37]} 27. Qe3 {[%clk 00:38:28]} {[%emt 00:02:20]}
Kf8 {[%clk 00:06:22]} {[%emt 00:07:36]} 28. Nxf6 {[%clk 00:35:41]} {[%emt
00:03:19]} Qxf6 {[%clk 00:06:37]} {[%emt 00:00:14]} 29. Qa7 {[%clk 00:34:54]}
{[%emt 00:01:18]} Rbc8 {[%clk 00:04:26]} {[%emt 00:02:40]} 30. Qxa6 {[%clk
00:32:52]} {[%emt 00:02:33]} R8c6 {[%clk 00:00:46]} {[%emt 00:04:10]} 31. Qxb5
{[%clk 00:29:56]} {[%emt 00:03:26]} Qxf3 {[%clk 00:00:52]} {[%emt 00:00:24]}
32. Rgg1 {[%clk 00:28:56]} {[%emt 00:01:31]} Qxe4 {[%clk 00:00:33]} {[%emt
00:00:48]} 33. Qb8+ {[%clk 00:25:34]} {[%emt 00:03:52]} Kg7 {[%clk 00:00:32]}
{[%emt 00:00:31]} 34. Na1 {[%clk 00:23:09]} {[%emt 00:02:54]} 1-0

[Event "DEM U12w 2024"]
[Site "Willingen GER"]
[Date "2024.05.24"]
[Round "8"]
[White "Wang, Enya Marie"]
[Black "Ramakrishnan, Veda"]
[Result "1-0"]
[Termination "normal"]
[Board "6"]
[WhiteElo "1614"]
[BlackElo "1482"]
[WhiteClock "00:10:45"]
[BlackClock "00:30:12"]
[PlyCount "107"]
[WhiteFideId "34660330"]
[BlackFideId "16269519"]
[EventCountry "GER"]
[EventRounds "9"]
[EventType "swiss"]
[EventDate "2024.05.18"]

1. e4 {[%clk 01:30:58]} {[%emt 00:00:02]} c6 {[%clk 01:30:56]} {[%emt
00:00:06]} 2. d4 {[%clk 01:31:22]} {[%emt 00:00:05]} d5 {[%clk 01:31:20]}
{[%emt 00:00:06]} 3. exd5 {[%clk 01:31:46]} {[%emt 00:00:06]} cxd5 {[%clk
01:31:42]} {[%emt 00:00:07]} 4. Bd3 {[%clk 01:32:11]} {[%emt 00:00:06]} Nf6
{[%clk 01:31:59]} {[%emt 00:00:13]} 5. c3 {[%clk 01:31:48]} {[%emt 00:00:53]}
Bg4 {[%clk 01:31:15]} {[%emt 00:01:14]} 6. Nf3 {[%clk 01:28:56]} {[%emt
00:03:22]} e6 {[%clk 01:30:44]} {[%emt 00:01:02]} 7. Be3 {[%clk 01:27:37]}
{[%emt 00:01:49]} Bd6 {[%clk 01:30:00]} {[%emt 00:01:13]} 8. Nbd2 {[%clk
01:27:09]} {[%emt 00:00:58]} Nc6 {[%clk 01:27:44]} {[%emt 00:02:46]} 9. Qc2
{[%clk 01:26:10]} {[%emt 00:01:29]} O-O {[%clk 01:26:54]} {[%emt 00:01:20]} 10.
O-O {[%clk 01:26:20]} {[%emt 00:00:21]} a6 {[%clk 01:26:16]} {[%emt 00:01:08]}
11. a3 {[%clk 01:25:26]} {[%emt 00:01:24]} b5 {[%clk 01:21:25]} {[%emt
00:05:21]} 12. b4 {[%clk 01:23:40]} {[%emt 00:02:16]} Qe7 {[%clk 01:17:44]}
{[%emt 00:04:10]} 13. h3 {[%clk 01:21:41]} {[%emt 00:02:29]} Bh5 {[%clk
01:17:50]} {[%emt 00:00:23]} 14. Rfe1 {[%clk 01:19:33]} {[%emt 00:02:39]} Bg6
{[%clk 01:11:58]} {[%emt 00:06:23]} 15. Nb3 {[%clk 01:18:09]} {[%emt 00:01:53]}
Bxd3 {[%clk 01:05:20]} {[%emt 00:07:08]} 16. Qxd3 {[%clk 01:16:10]} {[%emt
00:02:29]} Nd7 {[%clk 01:04:50]} {[%emt 00:01:01]} 17. Nc5 {[%clk 01:14:20]}
{[%emt 00:02:20]} Nb6 {[%clk 01:04:03]} {[%emt 00:01:17]} 18. Bg5 {[%clk
01:11:31]} {[%emt 00:03:19]} Qc7 {[%clk 01:03:24]} {[%emt 00:01:09]} 19. Nd2
{[%clk 01:06:32]} {[%emt 00:05:29]} Ne7 {[%clk 00:59:58]} {[%emt 00:03:56]} 20.
Nf1 {[%clk 01:00:25]} {[%emt 00:06:37]} Ng6 {[%clk 00:57:55]} {[%emt 00:02:33]}
21. Ne3 {[%clk 00:53:19]} {[%emt 00:07:36]} h6 {[%clk 00:55:45]} {[%emt
00:02:40]} 22. Bxh6 {[%clk 00:53:16]} {[%emt 00:00:33]} gxh6 {[%clk 00:55:17]}
{[%emt 00:00:58]} 23. Nxe6 {[%clk 00:51:47]} {[%emt 00:01:59]} Qd7 {[%clk
00:50:22]} {[%emt 00:05:25]} 24. Nxf8 {[%clk 00:49:19]} {[%emt 00:02:59]} Rxf8
{[%clk 00:49:34]} {[%emt 00:01:17]} 25. Nf5 {[%clk 00:48:59]} {[%emt 00:00:51]}
h5 {[%clk 00:48:06]} {[%emt 00:01:58]} 26. Nxd6 {[%clk 00:48:20]} {[%emt
00:01:09]} Qxd6 {[%clk 00:48:27]} {[%emt 00:00:08]} 27. Qf5 {[%clk 00:47:46]}
{[%emt 00:01:05]} Kg7 {[%clk 00:46:56]} {[%emt 00:02:00]} 28. Qxh5 {[%clk
00:46:22]} {[%emt 00:01:53]} Nc4 {[%clk 00:46:39]} {[%emt 00:00:48]} 29. a4
{[%clk 00:45:51]} {[%emt 00:01:01]} Rd8 {[%clk 00:44:22]} {[%emt 00:02:46]} 30.
axb5 {[%clk 00:44:23]} {[%emt 00:01:59]} axb5 {[%clk 00:44:44]} {[%emt
00:00:08]} 31. Qg5 {[%clk 00:43:18]} {[%emt 00:01:34]} f6 {[%clk 00:43:32]}
{[%emt 00:01:43]} 32. Qg4 {[%clk 00:43:00]} {[%emt 00:00:46]} Rh8 {[%clk
00:43:03]} {[%emt 00:01:01]} 33. Ra7+ {[%clk 00:42:53]} {[%emt 00:00:37]} Kh6
{[%clk 00:41:56]} {[%emt 00:01:36]} 34. Re6 {[%clk 00:39:24]} {[%emt 00:03:59]}
Qd8 {[%clk 00:41:27]} {[%emt 00:00:57]} 35. Raa6 {[%clk 00:38:22]} {[%emt
00:01:34]} Rf8 {[%clk 00:41:11]} {[%emt 00:00:45]} 36. Qf5 {[%clk 00:37:42]}
{[%emt 00:01:08]} Qd7 {[%clk 00:40:55]} {[%emt 00:00:49]} 37. h4 {[%clk
00:34:58]} {[%emt 00:03:14]} Kg7 {[%clk 00:37:02]} {[%emt 00:04:23]} 38. h5
{[%clk 00:32:32]} {[%emt 00:02:56]} Ne7 {[%clk 00:36:06]} {[%emt 00:01:26]} 39.
h6+ {[%clk 00:27:41]} {[%emt 00:05:20]} Kh8 {[%clk 00:36:07]} {[%emt 00:00:28]}
40. Qf4 {[%clk 00:25:51]} {[%emt 00:02:19]} Ng6 {[%clk 00:34:15]} {[%emt
00:02:24]} 41. Qg3 {[%clk 00:22:56]} {[%emt 00:03:25]} Qf7 {[%clk 00:32:37]}
{[%emt 00:02:09]} 42. f4 {[%clk 00:20:56]} {[%emt 00:02:30]} Nd2 {[%clk
00:32:08]} {[%emt 00:00:58]} 43. f5 {[%clk 00:20:08]} {[%emt 00:01:18]} Ne7
{[%clk 00:32:25]} {[%emt 00:00:14]} 44. Ra7 {[%clk 00:18:32]} {[%emt 00:02:05]}
Re8 {[%clk 00:32:11]} {[%emt 00:00:44]} 45. Qc7 {[%clk 00:16:22]} {[%emt
00:02:41]} Qh5 {[%clk 00:30:15]} {[%emt 00:02:25]} 46. Rxe7 {[%clk 00:12:55]}
{[%emt 00:03:58]} Qd1+ {[%clk 00:30:16]} {[%emt 00:00:29]} 47. Kf2 {[%clk
00:13:12]} {[%emt 00:00:13]} Qf1+ {[%clk 00:30:27]} {[%emt 00:00:19]} 48. Kg3
{[%clk 00:13:29]} {[%emt 00:00:12]} Qd3+ {[%clk 00:30:22]} {[%emt 00:00:36]}
49. Kh2 {[%clk 00:12:05]} {[%emt 00:01:54]} Nf3+ {[%clk 00:29:57]} {[%emt
00:00:55]} 50. gxf3 {[%clk 00:11:50]} {[%emt 00:00:44]} Qd2+ {[%clk 00:30:02]}
{[%emt 00:00:27]} 51. Kg3 {[%clk 00:10:19]} {[%emt 00:02:01]} Rg8+ {[%clk
00:30:24]} {[%emt 00:00:08]} 52. Rg7 {[%clk 00:10:30]} {[%emt 00:00:18]} Qe1+
{[%clk 00:30:43]} {[%emt 00:00:10]} 53. Kg4 {[%clk 00:10:22]} {[%emt 00:00:31]}
Qg1+ {[%clk 00:30:12]} {[%emt 00:01:09]} 54. Qg3 {[%clk 00:10:45]} {[%emt
00:00:07]} 1-0

[Event "DEM U12w 2024"]
[Site "Willingen GER"]
[Date "2024.05.24"]
[Round "8"]
[White "Wolf, Helena"]
[Black "Stiehler, Mara"]
[Result "0-1"]
[Termination "normal"]
[Board "7"]
[WhiteElo "1498"]
[BlackElo "1739"]
[WhiteClock "00:01:11"]
[BlackClock "00:16:44"]
[PlyCount "64"]
[WhiteFideId "34671030"]
[BlackFideId "34621199"]
[EventCountry "GER"]
[EventRounds "9"]
[EventType "swiss"]
[EventDate "2024.05.18"]

1. e4 {[%clk 01:30:59]} e6 {[%clk 01:30:57]} {[%emt 00:00:05]} 2. d4 {[%clk
01:31:23]} {[%emt 00:00:05]} d5 {[%clk 01:31:23]} {[%emt 00:00:04]} 3. exd5
{[%clk 01:31:47]} {[%emt 00:00:06]} exd5 {[%clk 01:31:46]} {[%emt 00:00:07]} 4.
Nf3 {[%clk 01:32:08]} {[%emt 00:00:09]} Nc6 {[%clk 01:31:55]} {[%emt 00:00:20]}
5. h3 {[%clk 01:32:17]} {[%emt 00:00:21]} Bd6 {[%clk 01:32:03]} {[%emt
00:00:22]} 6. Bd3 {[%clk 01:28:54]} {[%emt 00:03:54]} Nge7 {[%clk 01:31:21]}
{[%emt 00:01:12]} 7. O-O {[%clk 01:28:52]} {[%emt 00:00:32]} Bf5 {[%clk
01:30:54]} {[%emt 00:00:57]} 8. Re1 {[%clk 01:27:29]} {[%emt 00:01:53]} Qd7
{[%clk 01:29:58]} {[%emt 00:01:26]} 9. c4 {[%clk 01:25:07]} {[%emt 00:02:52]}
dxc4 {[%clk 01:26:55]} {[%emt 00:03:33]} 10. Bxc4 {[%clk 01:25:20]} {[%emt
00:00:17]} f6 {[%clk 01:20:42]} {[%emt 00:06:43]} 11. Nc3 {[%clk 01:23:17]}
{[%emt 00:02:34]} O-O-O {[%clk 01:18:51]} {[%emt 00:02:21]} 12. g4 {[%clk
01:23:10]} {[%emt 00:00:36]} Na5 {[%clk 01:16:55]} {[%emt 00:02:26]} 13. Bf1
{[%clk 01:17:37]} {[%emt 00:06:03]} Be6 {[%clk 01:13:25]} {[%emt 00:04:01]} 14.
Bg2 {[%clk 01:10:48]} {[%emt 00:07:18]} h5 {[%clk 01:11:35]} {[%emt 00:02:21]}
15. Ne4 {[%clk 01:05:35]} {[%emt 00:05:43]} hxg4 {[%clk 01:09:49]} {[%emt
00:02:16]} 16. Nxd6+ {[%clk 01:04:04]} {[%emt 00:02:01]} Qxd6 {[%clk 01:09:46]}
{[%emt 00:00:33]} 17. hxg4 {[%clk 00:58:31]} {[%emt 00:06:03]} Bxg4 {[%clk
01:08:26]} {[%emt 00:01:49]} 18. Qd3 {[%clk 00:50:46]} {[%emt 00:08:15]} Rh5
{[%clk 01:02:28]} {[%emt 00:06:28]} 19. Kf1 {[%clk 00:40:59]} {[%emt 00:10:16]}
Nac6 {[%clk 00:57:39]} {[%emt 00:05:19]} 20. Be3 {[%clk 00:33:12]} {[%emt
00:08:17]} Bf5 {[%clk 00:49:59]} {[%emt 00:08:09]} 21. Qd2 {[%clk 00:28:05]}
{[%emt 00:05:37]} Nb4 {[%clk 00:47:13]} {[%emt 00:03:17]} 22. Bf4 {[%clk
00:23:00]} {[%emt 00:05:35]} Qa6+ {[%clk 00:44:10]} {[%emt 00:03:33]} 23. Kg1
{[%clk 00:20:24]} {[%emt 00:03:05]} Ned5 {[%clk 00:42:48]} {[%emt 00:01:52]}
24. Bf1 {[%clk 00:12:15]} {[%emt 00:08:39]} Qb6 {[%clk 00:38:50]} {[%emt
00:04:28]} 25. Rec1 {[%clk 00:11:45]} {[%emt 00:01:00]} Rdh8 {[%clk 00:33:15]}
{[%emt 00:06:05]} 26. a3 {[%clk 00:06:35]} {[%emt 00:05:41]} Nxf4 {[%clk
00:22:49]} {[%emt 00:10:56]} 27. Qxf4 {[%clk 00:03:23]} {[%emt 00:03:41]} Nd5
{[%clk 00:22:06]} {[%emt 00:01:13]} 28. Qd2 {[%clk 00:02:02]} {[%emt 00:01:51]}
Rh1+ {[%clk 00:20:29]} {[%emt 00:02:08]} 29. Kg2 {[%clk 00:02:10]} {[%emt
00:00:22]} Qd6 {[%clk 00:17:20]} {[%emt 00:03:36]} 30. Rc4 {[%clk 00:00:42]}
{[%emt 00:02:01]} Nf4+ {[%clk 00:17:16]} {[%emt 00:00:33]} 31. Kg3 {[%clk
00:00:58]} {[%emt 00:00:14]} R1h3+ {[%clk 00:16:54]} {[%emt 00:00:52]} 32. Bxh3
{[%clk 00:01:11]} {[%emt 00:00:17]} Rxh3# {[%clk 00:16:44]} {[%emt 00:00:08]}
0-1

[Event "DEM U12w 2024"]
[Site "Willingen GER"]
[Date "2024.05.24"]
[Round "8"]
[White "Lu, Sheng"]
[Black "Tischlinger, Lara"]
[Result "1/2-1/2"]
[Termination "normal"]
[Board "8"]
[WhiteElo "1590"]
[BlackElo "1584"]
[WhiteClock "00:44:31"]
[BlackClock "00:26:57"]
[PlyCount "98"]
[WhiteFideId "34628061"]
[BlackFideId "34663401"]
[EventCountry "GER"]
[EventRounds "9"]
[EventType "swiss"]
[EventDate "2024.05.18"]

1. e4 {[%clk 01:30:57]} {[%emt 00:00:02]} c6 {[%clk 01:30:55]} {[%emt
00:00:05]} 2. d4 {[%emt 00:00:08]} d5 {[%clk 01:31:20]} {[%emt 00:00:03]} 3.
exd5 {[%clk 01:31:46]} {[%emt 00:00:06]} cxd5 {[%clk 01:31:45]} {[%emt
00:00:05]} 4. Bd3 {[%clk 01:31:49]} {[%emt 00:00:27]} Nf6 {[%clk 01:32:08]}
{[%emt 00:00:07]} 5. h3 {[%clk 01:32:07]} {[%emt 00:00:12]} Nc6 {[%clk
01:32:26]} {[%emt 00:00:12]} 6. c3 {[%clk 01:32:24]} {[%emt 00:00:14]} e5
{[%clk 01:31:47]} {[%emt 00:01:09]} 7. dxe5 {[%clk 01:32:31]} {[%emt 00:00:22]}
Nxe5 {[%clk 01:32:08]} {[%emt 00:00:09]} 8. Nf3 {[%clk 01:32:05]} {[%emt
00:00:56]} Nxd3+ {[%clk 01:31:50]} {[%emt 00:00:48]} 9. Qxd3 {[%clk 01:32:28]}
{[%emt 00:00:08]} Be7 {[%clk 01:31:12]} {[%emt 00:01:08]} 10. O-O {[%clk
01:31:56]} {[%emt 00:01:01]} O-O {[%clk 01:31:07]} {[%emt 00:00:35]} 11. Re1
{[%clk 01:31:07]} {[%emt 00:01:19]} Re8 {[%clk 01:01:09]} {[%emt 00:30:29]} 12.
Bg5 {[%clk 01:26:57]} {[%emt 00:04:40]} Ne4 {[%clk 00:49:55]} {[%emt 00:11:44]}
13. Bxe7 {[%clk 01:21:51]} {[%emt 00:05:37]} Rxe7 {[%clk 00:49:04]} {[%emt
00:01:20]} 14. Nbd2 {[%clk 01:15:29]} {[%emt 00:06:53]} Nxd2 {[%clk 00:28:05]}
{[%emt 00:21:28]} 15. Qxd2 {[%clk 01:15:18]} {[%emt 00:00:41]} Be6 {[%clk
00:26:33]} {[%emt 00:02:01]} 16. Rad1 {[%clk 01:09:16]} {[%emt 00:06:32]} Qa5
{[%clk 00:19:24]} {[%emt 00:07:11]} 17. a3 {[%clk 01:05:26]} {[%emt 00:04:50]}
Qc7 {[%clk 00:18:06]} {[%emt 00:01:47]} 18. Re2 {[%clk 01:02:42]} {[%emt
00:03:13]} Rae8 {[%clk 00:16:43]} {[%emt 00:01:52]} 19. Rde1 {[%clk 01:01:13]}
{[%emt 00:02:00]} Qb6 {[%clk 00:14:39]} {[%emt 00:02:35]} 20. Nd4 {[%clk
00:59:22]} {[%emt 00:02:21]} Qc7 {[%clk 00:13:01]} {[%emt 00:02:08]} 21. Qg5
{[%clk 00:54:52]} {[%emt 00:04:59]} h6 {[%clk 00:12:10]} {[%emt 00:01:22]} 22.
Qd2 {[%clk 00:52:28]} {[%emt 00:02:54]} a6 {[%clk 00:10:06]} {[%emt 00:02:35]}
23. Re5 {[%clk 00:49:51]} {[%emt 00:03:07]} Bc8 {[%clk 00:08:47]} {[%emt
00:01:49]} 24. Rxe7 {[%clk 00:49:22]} {[%emt 00:00:59]} Rxe7 {[%clk 00:09:09]}
{[%emt 00:00:08]} 25. Rxe7 {[%clk 00:49:37]} {[%emt 00:00:16]} Qxe7 {[%clk
00:09:35]} {[%emt 00:00:04]} 26. Kf1 {[%clk 00:48:00]} {[%emt 00:02:06]} Bd7
{[%clk 00:07:28]} {[%emt 00:02:38]} 27. Qf4 {[%clk 00:43:18]} {[%emt 00:05:10]}
Qe8 {[%clk 00:03:34]} {[%emt 00:04:24]} 28. Qd2 {[%clk 00:40:11]} {[%emt
00:03:38]} Qe5 {[%clk 00:02:21]} {[%emt 00:01:40]} 29. Nf3 {[%clk 00:37:47]}
{[%emt 00:02:57]} Qe4 {[%clk 00:02:04]} {[%emt 00:00:46]} 30. Kg1 {[%clk
00:35:22]} {[%emt 00:02:55]} Bb5 {[%clk 00:01:46]} {[%emt 00:00:49]} 31. Nd4
{[%clk 00:32:02]} {[%emt 00:03:50]} Be8 {[%clk 00:01:16]} {[%emt 00:00:59]} 32.
Nb3 {[%clk 00:28:23]} {[%emt 00:04:10]} Bc6 {[%clk 00:01:00]} {[%emt 00:00:46]}
33. f3 {[%clk 00:27:36]} {[%emt 00:01:16]} Qe7 {[%clk 00:00:58]} {[%emt
00:00:33]} 34. Nd4 {[%clk 00:26:40]} {[%emt 00:01:26]} Qe8 {[%clk 00:00:38]}
{[%emt 00:00:50]} 35. Nxc6 {[%clk 00:26:38]} {[%emt 00:00:32]} bxc6 {[%clk
00:00:48]} {[%emt 00:00:20]} 36. Kf2 {[%clk 00:26:22]} {[%emt 00:00:45]} Qe7
{[%clk 00:00:41]} {[%emt 00:00:38]} 37. Qe2 {[%clk 00:26:25]} {[%emt 00:00:27]}
Qxe2+ {[%clk 00:00:59]} {[%emt 00:00:12]} 38. Kxe2 {[%clk 00:26:46]} {[%emt
00:00:09]} Kf8 {[%clk 00:01:22]} {[%emt 00:00:08]} 39. Kd3 {[%clk 00:26:58]}
{[%emt 00:00:18]} Ke7 {[%clk 00:01:45]} {[%emt 00:00:07]} 40. Kd4 {[%clk
00:27:13]} {[%emt 00:00:16]} Kd6 {[%clk 00:02:09]} {[%emt 00:00:06]} 41. c4
{[%clk 00:26:50]} {[%emt 00:00:52]} c5+ {[%clk 00:30:01]} {[%emt 00:02:37]} 42.
Kd3 {[%clk 00:57:02]} {[%emt 00:00:19]} dxc4+ {[%clk 00:27:41]} {[%emt
00:02:50]} 43. Kxc4 {[%clk 00:57:18]} {[%emt 00:00:14]} Kc6 {[%clk 00:27:43]}
{[%emt 00:00:27]} 44. b4 {[%clk 00:50:51]} {[%emt 00:06:57]} cxb4 {[%clk
00:28:06]} {[%emt 00:00:07]} 45. Kxb4 {[%clk 00:51:14]} {[%emt 00:00:08]} Kb6
{[%clk 00:28:25]} {[%emt 00:00:11]} 46. a4 {[%clk 00:51:06]} {[%emt 00:00:38]}
a5+ {[%clk 00:28:42]} {[%emt 00:00:13]} 47. Kc4 {[%clk 00:51:27]} {[%emt
00:00:09]} Kc6 {[%clk 00:28:58]} {[%emt 00:00:14]} 48. f4 {[%clk 00:46:31]}
{[%emt 00:05:26]} g6 {[%clk 00:28:59]} {[%emt 00:00:28]} 49. g3 {[%clk
00:44:31]} {[%emt 00:02:30]} h5 {[%clk 00:26:57]} {[%emt 00:02:30]} 1/2-1/2